00760nam a2200253Ia 4500003000900000008004100009040001300050040001300063041000800076100002000084100001000104245009200114250001200206260001400218260000900232300001000241490000600251700002100257700000900278700001500287942000700302999001300309952018400322IT-RoPAU120407s9999 xx 000 0 und d aIT-RoPAU cIT-RoPAU aita aAntonio Rimoldi ccoll. aStoria religiosa della Lombardia. Collana promossa dalla Fondazione Ambrosiana Paolo VI aBrescia aLa Scuola c1986 c22 cm v1 aAdriano Caprioli ccur. aL. Vaccaro cBK c343d343 00102ddc406270_800000000000000_371aPAULUSbPAULUSd2012-04-11l0o270.8.3r2012-04-11 00:00:00w2012-04-11yBKzInserito da: In data: n.d. fondo: Via A.Severo 56 Progr:33957